[Event "Leiden SB-ch 1920"]
[Site "Leiden"]
[Date "2020.09.25"]
[Round "6"]
[White "Termeulen, Albert"]
[Black "Van der Marel, Lambertus"]
[Result "0-1"]
[WhiteElo "2088"]
[BlackElo "2086"]
[PlyCount "66"]
[EventDate "2019.11.08"]
[EventType "swiss"]
[EventRounds "7"]
[EventCountry "NED"]
[SourceTitle "EXT 2023"]
[Source "ChessBase"]
[SourceDate "2022.10.05"]
[SourceVersion "1"]
[SourceVersionDate "2022.10.05"]
[SourceQuality "1"]

1. e4 e5 2. Nf3 Nc6 3. Bc4 Nf6 4. d4 exd4 5. e5 d5 6. Bb5 Ne4 7. 0-0 Bc5 8. Nxd4 0-0 9. Bxc6 bxc6 10. Be3 Qe8 11. Nc3 f5 12. f4 Rb8 13. Na4 Bb6 14. b4 Be6 15. Qe1 Bd7 16. Nb3 Bxe3+ 17. Qxe3 Rxb4 18. Qxa7 Rc4 19. Nac5 Rxc2 20. Rac1 Rxc1 21. Rxc1 Qd8 22. Nd4 Qh4 23. Rf1 Qe7 24. Rc1 Qh4 25. g3 Nxg3 26. Nxd7 Qxf4 27. Qc5 Qe3+ 28. Kg2 Ra8 29. Nf3 Rxa2+ 30. Rc2 Qxc5 31. Rxa2 Qe7 32. e6 g5 33. hxg3 Qxe6 0-1

[Event "Leiden SB-ch 1920"]
[Site "Leiden"]
[Date "2020.02.21"]
[Round "5"]
[White "Weiland, Harro"]
[Black "Termeulen, Albert"]
[Result "0-1"]
[WhiteElo "1762"]
[BlackElo "2088"]
[PlyCount "32"]
[EventDate "2019.11.08"]
[EventType "swiss"]
[EventRounds "7"]
[EventCountry "NED"]
[SourceTitle "EXT 2023"]
[Source "ChessBase"]
[SourceDate "2022.10.05"]
[SourceVersion "1"]
[SourceVersionDate "2022.10.05"]
[SourceQuality "1"]

1. d4 g6 2. c4 Nf6 3. Nc3 Bg7 4. e4 d6 5. Be2 0-0 6. Be3 Na6 7. Nf3 c5 8. d5 Nc7 9. 0-0 b5 10. Nd2 b4 11. e5 Nd7 12. exd6 exd6 13. Nce4 Qe7 14. Rb1 h6 15. Bf4 Ne8 16. f3 f5 0-1

[Event "Leiden SB-ch 1920"]
[Site "Leiden"]
[Date "2019.12.20"]
[Round "3"]
[White "Termeulen, Albert"]
[Black "Schenkelaars, Vincent"]
[Result "1-0"]
[WhiteElo "2088"]
[BlackElo "1841"]
[PlyCount "47"]
[EventDate "2019.11.08"]
[EventType "swiss"]
[EventRounds "7"]
[EventCountry "NED"]
[SourceTitle "EXT 2023"]
[Source "ChessBase"]
[SourceDate "2022.10.05"]
[SourceVersion "1"]
[SourceVersionDate "2022.10.05"]
[SourceQuality "1"]

1. e4 d6 2. d4 Nf6 3. Nc3 g6 4. f4 Bg7 5. Nf3 c5 6. Bb5+ Bd7 7. e5 Ng4 8. Bxd7+ Qxd7 9. d5 dxe5 10. h3 exf4 11. hxg4 Qxg4 12. Ne2 Qxg2 13. Rf1 Qg4 14. Qd3 e5 15. dxe6 Qxe6 16. Bxf4 Na6 17. Ng5 Nb4 18. Qb5+ Qc6 19. Qxc6+ Nxc6 20. Bd6 Nb4 21. Rxf7 Bxb2 22. Re7+ Kf8 23. c3 Nd3+ 24. Kd2 1-0

[Event "Leiden SB-ch 1920"]
[Site "Leiden"]
[Date "2019.11.29"]
[Round "2"]
[White "Van Vleuten, Ronald"]
[Black "Termeulen, Albert"]
[Result "0-1"]
[WhiteElo "1622"]
[BlackElo "2088"]
[PlyCount "36"]
[EventDate "2019.11.08"]
[EventType "swiss"]
[EventRounds "7"]
[EventCountry "NED"]
[SourceTitle "EXT 2023"]
[Source "ChessBase"]
[SourceDate "2022.10.05"]
[SourceVersion "1"]
[SourceVersionDate "2022.10.05"]
[SourceQuality "1"]

1. Nf3 g6 2. d4 Nf6 3. b3 Bg7 4. Bb2 0-0 5. e3 c5 6. Be2 cxd4 7. Bxd4 Nc6 8. Bb2 d6 9. 0-0 e5 10. c4 Qe7 11. Re1 e4 12. Nd4 Ne5 13. Nc3 Bg4 14. Bxg4 Nfxg4 15. Nd5 Qh4 16. Nf4 Qxf2+ 17. Kh1 Qxb2 18. Nb5 Nf2+ 0-1

[Event "Delft Prinsenstad op 11th"]
[Site "Delft"]
[Date "2018.03.31"]
[Round "2"]
[White "Legemaat, Gert"]
[Black "Termeulen, Albert"]
[Result "1/2-1/2"]
[WhiteElo "2181"]
[BlackElo "2024"]
[PlyCount "79"]
[EventDate "2018.03.30"]
[EventType "swiss"]
[EventRounds "6"]
[EventCountry "NED"]
[SourceTitle "CBM 183 Extra"]
[Source "ChessBase"]
[SourceDate "2018.04.19"]
[SourceVersion "1"]
[SourceVersionDate "2018.04.19"]
[SourceQuality "1"]

1. e4 d6 2. Nc3 g6 3. Bc4 Bg7 4. a3 Nf6 5. d3 0-0 6. Ba2 c6 7. Nf3 Qc7 8. 0-0 b5 9. Bg5 Nbd7 10. Qd2 a5 11. Ne2 Ba6 12. Bh6 d5 13. Ng3 dxe4 14. dxe4 e6 15. Bxg7 Kxg7 16. Rfe1 Rad8 17. Qg5 h6 18. Qe3 Ne5 19. Nxe5 Qxe5 20. Qb6 Bc8 21. c3 Rd2 22. Rab1 Ng4 23. f3 Nf6 24. Nf1 Rd3 25. Rbd1 Rfd8 26. Rxd3 Rxd3 27. Qxc6 Bd7 28. Qb6 Qg5 29. Qf2 e5 30. Qe2 Rd6 31. Rd1 Nxe4 32. fxe4 Bg4 33. Qxg4 Qxg4 34. Rxd6 Qxe4 35. Rd7 Qc2 36. Rxf7+ Kh8 37. Rf2 Qc1 38. Rf8+ Kg7 39. Rf7+ Kh8 40. Rf8+ 1/2-1/2

[Event "Leiden SB-chA"]
[Site "Leiden"]
[Date "2015.06.09"]
[Round "4"]
[White "Wantola, Ivo"]
[Black "Termeulen, Albert"]
[Result "1-0"]
[WhiteElo "2374"]
[BlackElo "2095"]
[PlyCount "87"]
[EventDate "2015.05.19"]
[EventType "swiss"]
[EventRounds "7"]
[EventCountry "NED"]
[SourceTitle "EXT 2018"]
[Source "ChessBase"]
[SourceDate "2017.10.13"]
[SourceVersion "1"]
[SourceVersionDate "2017.10.13"]
[SourceQuality "1"]

1. b3 d5 2. Bb2 Bg4 3. h3 Bh5 4. d3 e6 5. Nd2 Nf6 6. Ngf3 Be7 7. e3 0-0 8. g4 Bg6 9. Ne5 Nfd7 10. Nxg6 fxg6 11. Bg2 c6 12. 0-0 Qc7 13. c4 Ne5 14. Qe2 g5 15. f4 Ng6 16. f5 exf5 17. gxf5 Nh4 18. cxd5 Nxg2 19. Qxg2 Nd7 20. dxc6 bxc6 21. Rac1 Ne5 22. d4 Nd3 23. Rxc6 Qd7 24. Bc3 Rae8 25. Re6 Rxf5 26. Rxf5 Qxe6 27. Qd5 Qxd5 28. Rxd5 Nc1 29. Ba5 Bf6 30. Nc4 Nxa2 31. Bd2 Rb8 32. Ra5 Nb4 33. Rxa7 Nc6 34. Ra3 Bxd4 35. exd4 Nxd4 36. b4 Rc8 37. Nd6 Rd8 38. Ne4 h6 39. Kg2 Nc2 40. Ra2 Nd4 41. Rb2 Re8 42. Nc3 Nf5 43. b5 Nh4+ 44. Kf2 1-0

[Event "Leiden SB-chA"]
[Site "Leiden"]
[Date "2015.06.02"]
[Round "3"]
[White "Termeulen, Albert"]
[Black "Straver, Robert"]
[Result "1-0"]
[WhiteElo "2095"]
[BlackElo "2115"]
[PlyCount "83"]
[EventDate "2015.05.19"]
[EventType "swiss"]
[EventRounds "7"]
[EventCountry "NED"]
[SourceTitle "EXT 2018"]
[Source "ChessBase"]
[SourceDate "2017.10.13"]
[SourceVersion "1"]
[SourceVersionDate "2017.10.13"]
[SourceQuality "1"]

1. e4 e6 2. Nf3 d5 3. e5 c5 4. b4 cxb4 5. d4 Nc6 6. a3 Qa5 7. Bd2 Nh6 8. Bd3 Qb6 9. Bxh6 gxh6 10. 0-0 Bd7 11. Be2 Qa5 12. Qd3 Rc8 13. Qe3 a6 14. Nfd2 b5 15. Rc1 Qb6 16. Nb3 bxa3 17. Nc5 Nxd4 18. Qxd4 Bxc5 19. Qf4 b4 20. Nd2 Rg8 21. Bh5 Rg7 22. Nf3 Bf8 23. h3 Rc4 24. Qf6 Qd8 25. Kh1 Ba4 26. Qxe6+ Be7 27. Qxa6 Bc6 28. e6 Bf6 29. exf7+ Rxf7 30. Qa7 Bd7 31. Re1+ Kf8 32. Bxf7 Bxa1 33. Bxd5 Rc7 34. Qa6 Qf6 35. Qa5 Rxc2 36. Qxb4+ Kg7 37. Re7+ Kg6 38. Be4+ Kh5 39. Bxc2 Bxh3 40. Qc5+ Kg4 41. gxh3+ Kxf3 42. Qe3# 1-0

[Event "Leiden Noteboom Memorial 75th"]
[Site "Leiden"]
[Date "2015.02.14"]
[Round "2"]
[White "Fridman, Daniel"]
[Black "Termeulen, Albert"]
[Result "1-0"]
[WhiteElo "2648"]
[BlackElo "2126"]
[PlyCount "55"]
[EventDate "2015.02.13"]
[EventType "swiss"]
[EventRounds "6"]
[EventCountry "NED"]
[SourceTitle "CBM 164 Extra"]
[Source "ChessBase"]
[SourceDate "2015.03.02"]
[SourceVersion "1"]
[SourceVersionDate "2015.03.02"]
[SourceQuality "1"]

1. d4 Nf6 2. c4 g6 3. Nc3 Bg7 4. e4 d6 5. Be2 0-0 6. Bg5 Na6 7. Qd2 c5 8. d5 Nc7 9. Nf3 e6 10. 0-0 exd5 11. exd5 a6 12. a4 Nce8 13. h3 Qb6 14. Bd3 Bd7 15. Rfe1 h6 16. a5 Qb4 17. Bxh6 Bxh6 18. Qxh6 Qxb2 19. Rec1 Ng7 20. Ra2 Qb3 21. Qd2 b5 22. Rb1 bxc4 23. Rxb3 cxb3 24. Rb2 Rab8 25. Qf4 Bf5 26. Bxa6 Rfd8 27. g4 Rb4 28. Qg5 1-0

[Event "Leiden Noteboom Memorial 75th"]
[Site "Leiden"]
[Date "2015.02.14"]
[Round "3"]
[White "Termeulen, Albert"]
[Black "Verhoef, Ruud"]
[Result "1-0"]
[WhiteElo "2126"]
[BlackElo "1897"]
[PlyCount "35"]
[EventDate "2015.02.13"]
[EventType "swiss"]
[EventRounds "6"]
[EventCountry "NED"]
[SourceTitle "CBM 164 Extra"]
[Source "ChessBase"]
[SourceDate "2015.03.02"]
[SourceVersion "1"]
[SourceVersionDate "2015.03.02"]
[SourceQuality "1"]

1. e4 e5 2. Nf3 Nf6 3. Bc4 Nxe4 4. Nc3 Nd6 5. Bb3 e4 6. Ne5 Be7 7. Qh5 0-0 8. Nb5 g6 9. Nxg6 hxg6 10. Qxg6+ Kh8 11. Qh6+ Kg8 12. Nxd6 cxd6 13. h4 Bf6 14. Rh3 Be5 15. Bd5 Qf6 16. Rg3+ Bxg3 17. Qxf6 Be5 18. Qg6+ 1-0

[Event "Leiden SB-chA"]
[Site "Leiden"]
[Date "2014.05.20"]
[Round "2"]
[White "Wantola, Ivo"]
[Black "Termeulen, Albert"]
[Result "1-0"]
[WhiteElo "2366"]
[BlackElo "2071"]
[PlyCount "92"]
[EventDate "2014.05.13"]
[EventType "swiss"]
[EventRounds "7"]
[EventCountry "NED"]
[SourceTitle "EXT 2015"]
[Source "ChessBase"]
[SourceDate "2014.11.20"]
[SourceVersion "1"]
[SourceVersionDate "2014.11.20"]
[SourceQuality "1"]

1. Nf3 Nf6 2. c4 g6 3. Nc3 Bg7 4. e4 d6 5. d4 0-0 6. Be2 Nbd7 7. Be3 e5 8. 0-0 Re8 9. d5 Nh5 10. g3 Bf8 11. Ne1 Ng7 12. Nd3 Be7 13. Qd2 f5 14. f3 Nf6 15. c5 fxe4 16. fxe4 Bh3 17. Rfc1 Rf8 18. Nf2 Bd7 19. b4 Kh8 20. Nb5 Nge8 21. c6 bxc6 22. Nxa7 cxd5 23. exd5 Rxa7 24. Bxa7 Qa8 25. Be3 Nxd5 26. Bh6 Ng7 27. Rf1 Nf6 28. Qc3 Nd5 29. Qb3 Ba4 30. Qa3 Nf5 31. Bxf8 Nde3 32. Ne4 Qxe4 33. Bf3 Qd4 34. Kh1 Bxf8 35. Qxa4 Nxf1 36. Rxf1 Be7 37. g4 Qc4 38. Qe8+ Kg7 39. Rg1 Qf4 40. Bd5 e4 41. Qf7+ Kh6 42. h3 Qf3+ 43. Rg2 Bg5 44. Qf8+ Ng7 45. Qxf3 exf3 46. Bxf3 Ne6 1-0

[Event "Groningen op compact-A 51st"]
[Site "Groningen"]
[Date "2013.12.30"]
[Round "5"]
[White "Leidorf, Sebastian"]
[Black "Termeulen, Albert"]
[Result "1-0"]
[WhiteElo "2052"]
[BlackElo "2121"]
[PlyCount "129"]
[EventDate "2013.12.26"]
[EventType "swiss"]
[EventRounds "5"]
[EventCountry "NED"]
[SourceTitle "CBM 158 Extra"]
[Source "ChessBase"]
[SourceDate "2014.02.28"]
[SourceVersion "1"]
[SourceVersionDate "2014.02.28"]
[SourceQuality "1"]

1. c4 g6 2. g3 Bg7 3. Bg2 d6 4. Nc3 Nf6 5. e4 0-0 6. Nge2 c5 7. a3 Nc6 8. Rb1 Ne8 9. b4 Nc7 10. 0-0 Ne6 11. d3 a6 12. Be3 Ned4 13. Qd2 Ne5 14. Bxd4 cxd4 15. Nxd4 b5 16. cxb5 axb5 17. Ndxb5 Qb6 18. a4 Bd7 19. a5 Qb8 20. Na3 Bh3 21. Rfc1 Qc8 22. f4 Bxg2 23. Kxg2 Ng4 24. Nd5 Qd8 25. h3 Nf6 26. Nb6 Rb8 27. Nb5 h5 28. Na7 Rxb6 29. axb6 Qxb6 30. Qf2 Qa6 31. b5 Qa3 32. Rd1 h4 33. g4 Nd7 34. b6 Nc5 35. Nb5 Qa6 36. Nc7 Qb7 37. f5 Be5 38. Qf3 Bg3 39. Rd2 Nd7 40. e5 Qb8 41. Ra2 Nxb6 42. Nd5 Nxd5 43. Rxb8 Nf4+ 44. Qxf4 Bxf4 45. Rxf8+ Kxf8 46. exd6 Bxd6 47. fxg6 fxg6 48. g5 Bf4 49. Ra5 e5 50. Kf3 Bxg5 51. Rxe5 Bf6 52. Re4 Kf7 53. Kg4 Kg7 54. d4 Kf7 55. d5 Be7 56. Kf4 Bf6 57. Ke3 Bg5+ 58. Kd4 Kf6 59. Kc5 Kf5 60. Rg4 Bf6 61. d6 g5 62. Kd5 Bd8 63. Rg1 Kf4 64. Ke6 Bb6 65. Rg4+ 1-0

[Event "Groningen op compact-A 51st"]
[Site "Groningen"]
[Date "2013.12.27"]
[Round "2"]
[White "Termeulen, Albert"]
[Black "Den Boer, Paul"]
[Result "0-1"]
[WhiteElo "2121"]
[BlackElo "1992"]
[PlyCount "76"]
[EventDate "2013.12.26"]
[EventType "swiss"]
[EventRounds "5"]
[EventCountry "NED"]
[SourceTitle "CBM 158 Extra"]
[Source "ChessBase"]
[SourceDate "2014.02.28"]
[SourceVersion "1"]
[SourceVersionDate "2014.02.28"]
[SourceQuality "1"]

1. e4 e6 2. Nf3 d5 3. e5 c5 4. b4 d4 5. bxc5 Bxc5 6. Bd3 Nc6 7. 0-0 Nge7 8. Re1 a6 9. Ng5 Nb4 10. Ne4 Nxd3 11. cxd3 Ba7 12. Nd6+ Kf8 13. Qh5 g6 14. Qg5 h5 15. Qf6 Rh7 16. Ba3 Qd7 17. Nxf7 Kg8 18. Ng5 Rg7 19. Re4 b5 20. Rf4 Bb7 21. h4 Bd5 22. Qxg7+ Kxg7 23. Rf7+ Kg8 24. Rxe7 Qd8 25. f4 Bb6 26. Bd6 Ra7 27. Rxa7 Bxa7 28. Na3 Qc8 29. Ne4 Kg7 30. Rf1 Qc6 31. Re1 a5 32. Rb1 Bxe4 33. dxe4 d3+ 34. Kh2 b4 35. f5 gxf5 36. exf5 exf5 37. Rb3 Qe4 38. Nb5 Qxh4# 0-1

[Event "Leiden Noteboom Memorial-A 73rd"]
[Site "Leiden"]
[Date "2013.02.08"]
[Round "1"]
[White "Termeulen, Albert"]
[Black "Andersson, Ulf"]
[Result "0-1"]
[WhiteElo "2160"]
[BlackElo "2556"]
[PlyCount "48"]
[EventDate "2013.02.08"]
[EventType "swiss"]
[EventRounds "6"]
[EventCountry "NED"]
[SourceTitle "CBM 152 Extra"]
[Source "ChessBase"]
[SourceDate "2013.02.25"]
[SourceVersion "1"]
[SourceVersionDate "2013.02.25"]
[SourceQuality "1"]

1. e4 c5 2. Nf3 Nc6 3. d4 cxd4 4. Nxd4 Nf6 5. Nc3 e5 6. Ndb5 h6 7. Nd5 Nxd5 8. exd5 a6 9. Na3 Bxa3 10. bxa3 Ne7 11. d6 Nf5 12. Bd3 Nxd6 13. 0-0 0-0 14. Re1 Re8 15. Bb2 e4 16. Be2 Nf5 17. Qd5 d6 18. Rad1 e3 19. fxe3 Rxe3 20. Qc5 Qe7 21. Qc4 Bd7 22. Bc1 Bb5 23. Qf4 Rxe2 24. Rxe2 Qxe2 0-1

[Event "Leiden SB-ch"]
[Site "Leiden"]
[Date "2012.05.23"]
[Round "2"]
[White "Termeulen, Albert"]
[Black "Van Drunick, Jan Willem"]
[Result "1-0"]
[WhiteElo "2111"]
[BlackElo "1941"]
[PlyCount "65"]
[EventDate "2012.05.15"]
[EventType "swiss"]
[EventRounds "7"]
[EventCountry "NED"]
[SourceTitle "EXT 2018"]
[Source "ChessBase"]
[SourceDate "2017.10.13"]
[SourceVersion "1"]
[SourceVersionDate "2017.10.13"]
[SourceQuality "1"]

1. e4 e5 2. Nf3 Nc6 3. Bb5 Nf6 4. d3 Ne7 5. 0-0 Ng6 6. d4 exd4 7. e5 Ne4 8. Qxd4 Nc5 9. Nc3 Ne6 10. Qe4 c6 11. Be2 Be7 12. g3 0-0 13. h4 f5 14. Qc4 b5 15. Qb3 Rf7 16. a4 b4 17. Nd1 a5 18. Ne3 Qc7 19. Nc4 Ba6 20. Re1 Ngf8 21. Bg5 Bxg5 22. Nxg5 Re7 23. Nd6 Bxe2 24. Nxf5 Ree8 25. Rxe2 h6 26. Nxe6 Nxe6 27. Rd1 Kh8 28. Qf3 Rf8 29. Qh5 Kh7 30. Rd6 c5 31. Red2 Ra7 32. Ne7 Nd4 33. Rxh6+ 1-0

[Event "EU-Cup 27th"]
[Site "Rogaska Slatina"]
[Date "2011.09.29"]
[Round "5"]
[White "Termeulen, Albert"]
[Black "Van der Elburg, Freddie"]
[Result "1/2-1/2"]
[WhiteElo "2205"]
[BlackElo "2201"]
[PlyCount "86"]
[EventDate "2011.09.25"]
[EventType "team-swiss"]
[EventRounds "7"]
[EventCountry "SLO"]
[SourceTitle "CBM 145"]
[Source "ChessBase"]
[SourceDate "2011.11.11"]
[SourceVersion "1"]
[SourceVersionDate "2011.11.11"]
[SourceQuality "1"]
[WhiteTeam "Leiden LSG"]
[BlackTeam "Homburg Apeldoorn"]
[WhiteTeamCountry "NED"]
[BlackTeamCountry "NED"]

1. e4 c5 2. Nf3 e6 3. d4 cxd4 4. Nxd4 Nc6 5. Nc3 Qc7 6. Be3 a6 7. Qd2 Nf6 8. 0-0-0 Bb4 9. f3 0-0 10. g4 b5 11. g5 Nh5 12. Kb1 Bb7 13. a3 Be7 14. Nce2 Nxd4 15. Bxd4 f5 16. gxf6 Bxf6 17. Rg1 Rf7 18. Bh3 Bxd4 19. Nxd4 Nf4 20. Rg3 Raf8 21. Rdg1 h6 22. Bf1 Qe5 23. c4 Nh5 24. Rg4 bxc4 25. Bxc4 Rf4 26. Nf5 Kh8 27. Ne7 Bxe4+ 28. fxe4 Qxe4+ 29. Bd3 Rxg4 30. Bxe4 Rxg1+ 31. Ka2 Re8 32. Ng6+ Kg8 33. Ne5 Nf6 34. Bc2 d5 35. Qa5 Rg2 36. Qc7 Re2 37. Qf7+ Kh8 38. Nd7 Rxc2 39. Nxf6 Rb8 40. a4 Rcxb2+ 41. Ka1 Rb1+ 42. Ka2 R1b2+ 43. Ka1 Rb1+ 1/2-1/2

[Event "Vienna op 17th"]
[Site "Vienna"]
[Date "2011.08.18"]
[Round "6"]
[White "Wallner, Joachim"]
[Black "Termeulen, Albert"]
[Result "1-0"]
[WhiteElo "2328"]
[BlackElo "2190"]
[PlyCount "37"]
[EventDate "2011.08.13"]
[EventType "swiss"]
[EventRounds "9"]
[EventCountry "AUT"]
[SourceTitle "CBM 143 Extra"]
[Source "ChessBase"]
[SourceDate "2011.08.29"]
[SourceVersion "1"]
[SourceVersionDate "2011.08.29"]
[SourceQuality "1"]

1. e4 d6 2. d4 Nf6 3. Nc3 g6 4. f3 c6 5. Bc4 b5 6. Bd3 Qc7 7. Be3 a6 8. g4 h5 9. g5 Nfd7 10. f4 Bg7 11. Nf3 b4 12. Ne2 c5 13. c3 bxc3 14. bxc3 0-0 15. f5 Nc6 16. 0-0 cxd4 17. cxd4 Nb4 18. fxg6 fxg6 19. Qb3+ 1-0

[Event "Geraardsbergen op 26th"]
[Site "Geraardsbergen"]
[Date "2010.08.14"]
[Round "7"]
[White "Termeulen, Albert"]
[Black "Schalkx, Johnny"]
[Result "1/2-1/2"]
[WhiteElo "2155"]
[BlackElo "2205"]
[PlyCount "32"]
[EventDate "2010.08.11"]
[EventType "swiss"]
[EventRounds "9"]
[EventCountry "BEL"]
[SourceTitle "CBM 138 Extra"]
[Source "ChessBase"]
[SourceDate "2010.10.29"]
[SourceVersion "1"]
[SourceVersionDate "2010.10.29"]
[SourceQuality "1"]

1. e4 c6 2. d4 d5 3. Nc3 dxe4 4. Nxe4 Nf6 5. Nxf6+ gxf6 6. Qd3 Na6 7. a3 Bg4 8. Ne2 Bh5 9. Nf4 Bg6 10. Nxg6 hxg6 11. Qb3 Rb8 12. Be2 e6 13. 0-0 Nc7 14. c4 Qxd4 15. g3 Qc5 16. Bf3 Bh6 1/2-1/2

[Event "Geraardsbergen op 26th"]
[Site "Geraardsbergen"]
[Date "2010.08.12"]
[Round "3"]
[White "Van Mechelen, Jan"]
[Black "Termeulen, Albert"]
[Result "0-1"]
[WhiteElo "2278"]
[BlackElo "2155"]
[PlyCount "118"]
[EventDate "2010.08.11"]
[EventType "swiss"]
[EventRounds "9"]
[EventCountry "BEL"]
[SourceTitle "CBM 138 Extra"]
[Source "ChessBase"]
[SourceDate "2010.10.29"]
[SourceVersion "1"]
[SourceVersionDate "2010.10.29"]
[SourceQuality "1"]

1. Nf3 g6 2. d4 Nf6 3. c4 Bg7 4. Nc3 0-0 5. e4 d6 6. Be2 Nbd7 7. 0-0 e5 8. Be3 Re8 9. d5 Nh5 10. Re1 Bf8 11. b4 Ng7 12. Nd2 f5 13. f3 Be7 14. Rc1 Bg5 15. Bxg5 Qxg5 16. Nb5 Qd8 17. c5 a6 18. Na3 Nf6 19. Nac4 Nfh5 20. Bf1 Rf8 21. cxd6 cxd6 22. a4 b5 23. axb5 axb5 24. Na5 Qb6+ 25. Kh1 f4 26. Qe2 Bd7 27. Rc3 Ng3+ 28. hxg3 Nh5 29. Qd3 fxg3 30. Qe3 Qd8 31. Kg1 Qh4 32. Bd3 Nf4 33. Re2 Qh2+ 34. Kf1 Bh3 35. Qg1 Nxe2 36. Bxe2 Bd7 37. Rc6 Rf6 38. Rc7 Bg4 39. Bxb5 h5 40. Qe3 Qh1+ 41. Ke2 Qxg2+ 42. Kd1 Bxf3+ 43. Kc2 Rf4 44. Nc6 Bxe4+ 45. Kb2 Bf5 46. Ne7+ Kh8 47. Bf1 Qh1 48. Nxf5 gxf5 49. Qc3 Rxf1 50. Rc8+ Rxc8 51. Qxc8+ Kg7 52. Qd8 Kg6 53. Qg8+ Kf6 54. Qd8+ Kg6 55. Qg8+ Kh6 56. Qf8+ Kg5 57. Qxd6 Rf2 58. Qd8+ Kg4 59. Qg8+ Kf4 0-1

[Event "Leiden SB-ch"]
[Site "Leiden"]
[Date "2010.05.18"]
[Round "1"]
[White "Heijboer, Herman"]
[Black "Termeulen, Albert"]
[Result "0-1"]
[WhiteElo "1745"]
[BlackElo "2092"]
[PlyCount "92"]
[EventDate "2010.05.18"]
[EventType "swiss"]
[EventRounds "7"]
[EventCountry "NED"]
[SourceTitle "EXT 2012"]
[Source "ChessBase"]
[SourceDate "2011.11.24"]
[SourceVersion "1"]
[SourceVersionDate "2011.11.24"]
[SourceQuality "1"]

1. f4 c5 2. Nf3 Nc6 3. e3 g6 4. Bb5 Bg7 5. Bxc6 bxc6 6. 0-0 Nf6 7. d3 0-0 8. Nbd2 d5 9. Ne5 Qb6 10. Kh1 c4 11. e4 cxd3 12. cxd3 Ba6 13. Qf3 Rad8 14. Re1 Ne8 15. exd5 cxd5 16. Nb3 Bb7 17. d4 Nd6 18. Bd2 Nc4 19. Bc3 f6 20. Ng4 e5 21. fxe5 fxe5 22. Qd1 e4 23. Nc5 Bc8 24. b3 Nd6 25. h3 Nf5 26. Qd2 h5 27. Ne3 Bh6 28. Ba5 Qf6 29. Bxd8 Rxd8 30. Qc3 Ng3+ 31. Kg1 Qg5 32. Nf1 Nf5 33. Rad1 Nh4 34. Qg3 Qf6 35. Qe5 Qxe5 36. dxe5 Nf5 37. Nxe4 d4 38. Nc5 Bf8 39. b4 a5 40. a3 axb4 41. axb4 Rd5 42. Ne3 Nxe3 43. Rxe3 Rxc5 44. bxc5 dxe3 45. Kf1 Ba6+ 46. Ke1 Bxc5 0-1

[Event "Leiden SB-ch"]
[Site "Leiden"]
[Date "2009.06.09"]
[Round "4"]
[White "Wilschut, Peter"]
[Black "Termeulen, Albert"]
[Result "1-0"]
[WhiteElo "2195"]
[BlackElo "2061"]
[PlyCount "115"]
[EventDate "2009.05.19"]
[EventType "swiss"]
[EventRounds "7"]
[EventCountry "NED"]
[SourceTitle "EXT 2012"]
[Source "ChessBase"]
[SourceDate "2011.11.24"]
[SourceVersion "1"]
[SourceVersionDate "2011.11.24"]
[SourceQuality "1"]

1. e4 d6 2. d4 Nf6 3. Nc3 g6 4. g3 Bg7 5. Bg2 0-0 6. Nge2 e5 7. 0-0 Nc6 8. Re1 Re8 9. d5 Nd4 10. Nxd4 exd4 11. Nb5 Bg4 12. f3 Bd7 13. Nxd4 Nxd5 14. c3 Nb6 15. Nc2 Nc4 16. Ne3 Nxe3 17. Bxe3 Bc6 18. Bd4 h5 19. Qd2 b6 20. Rad1 Bb7 21. Qf2 Qg5 22. h4 Qa5 23. a3 Re7 24. Bxg7 Kxg7 25. Qd4+ Qe5 26. Kf2 Rae8 27. Bf1 f6 28. Bc4 Qxd4+ 29. cxd4 a5 30. Rc1 Rf8 31. Bb5 Kh6 32. Re3 g5 33. Rce1 gxh4 34. gxh4 Rg8 35. Rg1 Rxg1 36. Kxg1 f5 37. Bd3 c5 38. dxc5 bxc5 39. Kf2 fxe4 40. fxe4 d5 41. exd5 Rxe3 42. Kxe3 Bxd5 43. Kf4 Bb3 44. Ke5 Kg7 45. Kd6 c4 46. Be2 Kg6 47. Kc5 a4 48. Kd4 Ba2 49. Bxc4 Bxc4 50. Kxc4 Kf5 51. b3 axb3 52. Kxb3 Kg4 53. a4 Kxh4 54. a5 Kg3 55. a6 h4 56. a7 h3 57. a8Q Kh2 58. Qf3 1-0

[Event "Leiden SB-ch"]
[Site "Leiden"]
[Date "2009.05.19"]
[Round "1"]
[White "Termeulen, Albert"]
[Black "Landsheer, Jos"]
[Result "1-0"]
[WhiteElo "2061"]
[BlackElo "1704"]
[PlyCount "41"]
[EventDate "2009.05.19"]
[EventType "swiss"]
[EventRounds "7"]
[EventCountry "NED"]
[SourceTitle "EXT 2012"]
[Source "ChessBase"]
[SourceDate "2011.11.24"]
[SourceVersion "1"]
[SourceVersionDate "2011.11.24"]
[SourceQuality "1"]

1. e4 e5 2. Nf3 Nc6 3. Bc4 Nf6 4. d4 exd4 5. e5 d5 6. Bb5 Qe7 7. 0-0 Nd7 8. Re1 Qc5 9. Bxc6 bxc6 10. Nxd4 Nb6 11. e6 Bxe6 12. Nxe6 fxe6 13. Qh5+ g6 14. Qe5 0-0-0 15. Qxh8 Qxc2 16. Qc3 Qa4 17. b3 Qh4 18. Nd2 Bb4 19. Qxc6 Bd6 20. Nf3 Qf6 21. Bg5 1-0

[Event "Leiden SB-ch"]
[Site "Leiden"]
[Date "2008.06.24"]
[Round "6"]
[White "Termeulen, Albert"]
[Black "Van Briemen, Willem Jan"]
[Result "1-0"]
[WhiteElo "2087"]
[BlackElo "1947"]
[PlyCount "53"]
[EventDate "2008.05.20"]
[EventType "swiss"]
[EventRounds "7"]
[EventCountry "NED"]
[SourceTitle "EXT 2012"]
[Source "ChessBase"]
[SourceDate "2011.11.24"]
[SourceVersion "1"]
[SourceVersionDate "2011.11.24"]
[SourceQuality "1"]

1. e4 e6 2. d4 d5 3. Nc3 Bb4 4. e5 c5 5. a3 Bxc3+ 6. bxc3 Ne7 7. Qg4 0-0 8. Bd3 f5 9. exf6 Rxf6 10. Bg5 Rf7 11. Qh5 h6 12. Nf3 Nbc6 13. Bg6 Rf8 14. Bxh6 gxh6 15. Qxh6 Nxg6 16. Qxg6+ Kh8 17. h4 Qe7 18. Qh6+ Kg8 19. Rh3 Rf7 20. dxc5 e5 21. Rg3+ Rg7 22. 0-0-0 Rxg3 23. fxg3 Be6 24. Ng5 Re8 25. Qg6+ Kh8 26. Rf1 Nd8 27. Rf6 1-0

[Event "Leiden SB-ch"]
[Site "Leiden"]
[Date "2008.06.10"]
[Round "4"]
[White "Erwich, Frans"]
[Black "Termeulen, Albert"]
[Result "1-0"]
[WhiteElo "1961"]
[BlackElo "2087"]
[PlyCount "63"]
[EventDate "2008.05.20"]
[EventType "swiss"]
[EventRounds "7"]
[EventCountry "NED"]
[SourceTitle "EXT 2012"]
[Source "ChessBase"]
[SourceDate "2011.11.24"]
[SourceVersion "1"]
[SourceVersionDate "2011.11.24"]
[SourceQuality "1"]

1. e4 d6 2. d4 Nf6 3. Nc3 g6 4. Be3 c6 5. Qd2 b5 6. Bd3 Nbd7 7. Nf3 e5 8. dxe5 dxe5 9. a4 b4 10. Ne2 a5 11. Ng3 Ng4 12. Bc4 Nxe3 13. Qxe3 Qf6 14. h4 Bc5 15. Qg5 Ke7 16. Rd1 Nb6 17. Qxe5+ Qxe5 18. Nxe5 Kf6 19. f4 Nxa4 20. Nd7+ Bxd7 21. Rxd7 Ra7 22. e5+ Kg7 23. Rxa7 Bxa7 24. h5 Rd8 25. hxg6 hxg6 26. Bxf7 Nxb2 27. Ke2 Bd4 28. e6 Kf6 29. Rh6 Bc3 30. Rxg6+ Ke7 31. Nf5+ Kf8 32. Rg8# 1-0